00741nam a22002177a 4500003000500000005001700005008004100022010001000063011001000073035001000083040000900093100002300102245008100125260006200206300001000268490008500278650002600363650001400389650003500403830008500438CHAP20220329140801.0971013s1975 r 00010 d a57554 a58526 a62681 cCHAP00aSprague, Howard B. aSeeded forages for grazing and for harvested feeds in tropics and subtropics aWashington :bAgency for International Development,c1975 a31 p. aAgricultura technology for developing countries. Technical series bulletinv; 1314aForrajesxTrópicos.14aPastoreo.14aPastos forrajerosxTrópicos.0 aAgricultura technology for developing countries. Technical series bulletinv; 13